| 000 | 00438nam a22001337a 4500 | ||
|---|---|---|---|
| 003 | OSt | ||
| 005 | 20240320121656.0 | ||
| 008 | 240320b |||||||| |||| 00| 0 eng d | ||
| 040 | _cCentral Library | ||
| 100 | _aDr. Jagjeet Singh (ਡਾ. ਜਗਜੀਤ ਸਿੰਘ) | ||
| 245 | _aPuratan Janam Sakhi (Mool Path)(ਪੁਰਾਤਨ ਜਨਮ ਸਾਖੀ (ਮੂਲ ਪਾਠ) | ||
| 260 |
_aLudhiana _bLahore Book Shop |
||
| 942 |
_2ddc _cBK _n0 |
||
| 999 |
_c9912 _d9912 |
||